000 00639nam a2200265Ia 4500
005 20260324153228.0
008 008 260324s9999 xx 000 0 eng d
020 _a9780128008478
037 _aEBOOK
040 _aCRL
040 _beng
040 _cCRL
041 _2eng
041 _aeng
084 _qCRL
100 _aMota, Ronaldo
_91230936
245 0 _aEducation for Innovation and Independent Learning
260 _bElsevier
260 _c2014
650 _aPsychology
856 _uhttps://www.sciencedirect.com/science/book/9780128008478
942 _cEBOOK
999 _c1842250
_d1842250